Lịch sử Việt Nam T.1 Từ khởi thủy đến thế kỷ X

Việt Nam thời kỳ nguyên thủy. Sự hình thành nước Văn Lang. Nước Âu Lạc. Chính sách đô hộ của các triều đại phong kiến phương Bắc và những cuộc khởi nghĩa của nhân dân ( từ cuối thế kỷ thứ II TCN đến thế kỷ VI SCN). Tình hình kinh tế, văn hóa Giao Châu (thế kỉ VI-X)........

Full beskrivning

Sparad:
Bibliografiska uppgifter
Övriga upphovsmän: Vũ Duy Mền (ch.b), Nguyễn Hữu Tâm, Nguyễn Đức Nhuệ, Trương Thị Yến
Materialtyp: Bok
Språk:Vietnamese
Publicerad: H. Khoa học xã hội 2013
Ämnen:
Taggar: Lägg till en tagg
Inga taggar, Lägg till första taggen!
Thư viện lưu trữ: Mạng thư viện Đại học Đà Nẵng
LEADER 01900nam a2200397 4500
001 000019947
003 16388
005 20141204091219.0
008 141203s2013 viesd
041 0 |a vie 
082 1 4 |a 959.7  |b Lic 
245 0 0 |a Lịch sử Việt Nam  |c Vũ Duy Mền (ch.b), Nguyễn Hữu Tâm, Nguyễn Đức Nhuệ, Trương Thị Yến  |n T.1  |p Từ khởi thủy đến thế kỷ X 
260 |a H.  |b Khoa học xã hội  |c 2013 
300 |a 666 tr.  |b Hình mh.  |c 24 cm. 
500 |a Đầu sách ghi: Viện hàn lâm khoa học xã hội Việt Nam - Viện sử học 
504 |a Thư mục tr.661-666 
520 3 |a Việt Nam thời kỳ nguyên thủy. Sự hình thành nước Văn Lang. Nước Âu Lạc. Chính sách đô hộ của các triều đại phong kiến phương Bắc và những cuộc khởi nghĩa của nhân dân ( từ cuối thế kỷ thứ II TCN đến thế kỷ VI SCN). Tình hình kinh tế, văn hóa Giao Châu (thế kỉ VI-X)..... 
650 0 4 |a Lịch sử Việt Nam  |x Nghiên cứu  |y Từ khởi thủy đến thế kỷ X  |z Việt Nam 
653 |a Lịch sử Việt Nam 
653 |a Nhà nước Âu Lạc 
653 |a Nhà nước Văn Lang 
700 1 |a Vũ Duy Mền  |e ch.b 
700 1 |a Nguyễn Hữu Tâm 
700 1 |a Nguyễn Đức Nhuệ 
700 1 |a Trương Thị Yến 
773 |d Khoa học xã hội  |d H.  |d 2013  |t Lịch sử Việt Nam  |w 16387 
OWN |a LSP 
AVA |a UDN50  |b LSP  |d 959.7 Lic  |e available  |t Error 5001 Not defined in file expand_doc_bib_avail.  |f 2  |g 0  |h N  |i 0  |k 1 
999 |a From the UDN01 
AVA |a UDN50  |b LSP  |d 959.7 Lic  |e available  |t Error 5001 Not defined in file expand_doc_bib_avail.  |f 2  |g 0  |h N  |i 0  |k 1 
TYP |a Monograph 
TYP |a Printed language 
980 |a Mạng thư viện Đại học Đà Nẵng